Statistiche per Regioni dell'Antica Grecia (con mappa)

Clicka qui per fare il quiz!

Statistiche generali

  • Questo quiz è stato fatto 1.892 volte
  • Il punteggio medio è 15 su 41

Risposte nella Mappa

Le risposte nella mappa del quiz sottostante sono codificate secondo una scala di colori dal rosso al verde in base alla % di persone che hanno risposto correttamente.
 

Statistiche sulle risposte

Risposta% Corretto
Creta
71%
Attica
66%
Macedonia
57%
Beozia
53%
Eubea
53%
Laconia
53%
Cicladi
48%
Tracia
48%
Acaia
47%
Cefalonia e Zacinto
46%
Epiro
46%
Arcadia
44%
Argolide
43%
Calcidica
43%
Messenia
43%
Tessaglia
43%
Corinzia
41%
Dodecaneso
38%
Illiria
33%
Elide
32%
Lemno
32%
Focide
30%
Acarnania
29%
Troade
29%
Ionia
28%
Sporadi
28%
Lidia
27%
Locride
27%
Doride
25%
Megaride
25%
Bitinia
24%
etolia
23%
Frigia
23%
Magnesia
23%
Caria
22%
Licia
21%
Eolide
20%
MIsia
19%
Dolopia
18%
Eniania-Etea
17%
Malide
15%

Distribuzione punteggi

Percentile per numero di risposta

Percentuale di utenti per punteggio

I tuoi punteggi nel tempo

Non hai fatto questo quiz